000 00569nam a2200229Ia 4500
003 OSt
005 20221005114311.0
006 a|||||r|||| 00| 0
007 ta
008 221004b |||||||| |||| 00| 0 tam d
024 _a52737
037 _cTextual
040 _aCRL
_cCRL
_btam
041 _2tam
_atam
082 _aW,4, 31H9
100 _aSarma Saminatha Au.
_9625742
245 0 _aArasiyal Katchigal
260 _c1949
650 _aPOLITICAL SCIENCE
942 _hW,4, 31H9
_cTEXL
_2cc
999 _c1030889
_d1030889